Historia de la literatura española / (Record no. 57031)

MARC details
000 -LEADER
campo de control de longitud fija 01224nam a2200301 i 4500
001 - NÚMERO DE CONTROL
campo de control 57031
003 - IDENTIFICADOR DE NÚMERO DE CONTROL
campo de control ES-MaACL
005 - FECHA Y HORA DE LA ÚLTIMA TRANSACCIÓN
campo de control 20250520190032.0
007 - CAMPO FIJO DE DESCRIPCIÓN FÍSICA--INFORMACIÓN GENERAL
campo de control de longitud fija t|
008 - DATOS DE LONGITUD FIJA--INFORMACIÓN GENERAL
campo de control de longitud fija 031014s1980 sp |||| | spa d
020 ## - NÚMERO INTERNACIONAL ESTÁNDAR DEL LIBRO
Número Internacional Estándar del Libro 84-306-2997-1
245 00 - MENCIÓN DEL TÍTULO
Título Historia de la literatura española /
Mención de responsabilidad, etc. planeada y coordinada por José María Díez Borque.
260 ## - PUBLICACIÓN, DISTRIBUCIÓN, ETC.
Lugar de publicación, distribución, etc. [Madrid] :
Nombre del editor, distribuidor, etc. Taurus,
Fecha de publicación, distribución, etc. [1980]
300 ## - DESCRIPCIÓN FÍSICA
Extensión 4 v. ;
Dimensiones 21 cm.
505 8# - NOTA DE CONTENIDO CON FORMATO
Nota de contenido con formato Contiene: 1. La Edad Media / José Simón Díaz... [et al.] - 2. Renacimiento y Barroco / Juan Bautista Avalle-Arce... [et al.] - 3. Siglos XVIII y XIX / Elena Catena... [et al.] - 4. El siglo XIX / José Luis Abellán... [et al.]
650 #4 - PUNTO DE ACCESO ADICIONAL DE MATERIA--TÉRMINO DE MATERIA
Término de materia o nombre geográfico como elemento de entrada Literatura española-
Subdivisión general Historia y crítica
9 (RLIN) 14560
700 1# - ENTRADA AGREGADA--NOMBRE PERSONAL
Nombre de persona Díez Borque, José María,
Fechas asociadas al nombre 1947-
9 (RLIN) 44682
700 1# - ENTRADA AGREGADA--NOMBRE PERSONAL
Nombre de persona Simón Díaz, José.
9 (RLIN) 106544
700 1# - ENTRADA AGREGADA--NOMBRE PERSONAL
Nombre de persona Avalle-Arce, Juan Bautista
9 (RLIN) 23989
700 1# - ENTRADA AGREGADA--NOMBRE PERSONAL
Nombre de persona Catena, Elena.
9 (RLIN) 37056
700 1# - ENTRADA AGREGADA--NOMBRE PERSONAL
Nombre de persona Abellán, José Luis,
Fechas asociadas al nombre 1933-2023
9 (RLIN) 176509
852 ## - LOCALIZACIÓN
Ubicación ES-MaACL
Número de control de estantería L-196
Ubicación en estantería Depósito 2
852 ## - LOCALIZACIÓN
Ubicación ES-MaACL
Número de control de estantería L-197
Ubicación en estantería Depósito 2
852 ## - LOCALIZACIÓN
Ubicación ES-MaACL
Número de control de estantería L-198
Ubicación en estantería Depósito 2
852 ## - LOCALIZACIÓN
Ubicación ES-MaACL
Número de control de estantería L-199
Ubicación en estantería Depósito 2
942 ## - ELEMENTOS DE ENTRADA SECUNDARIOS (KOHA)
Fuente del sistema de clasificación o colocación Clasificación decimal universal
Tipo de ítem Koha Libro impreso
Holdings
Estatus retirado Estado de pérdida Fuente del sistema de clasificación o colocación Estado de daño No para préstamo Biblioteca de origen Biblioteca actual Ubicación en estantería Fecha de adquisición Total de préstamos Signatura topográfica completa Código de barras Visto por última vez Precio de reemplazo Tipo de ítem Koha
    Clasificación decimal universal     Biblioteca del Ateneo de Madrid Biblioteca del Ateneo de Madrid Depósito 2 17/01/2008   L-196 1059885 23/02/2023 23/02/2023 Libro impreso
    Clasificación decimal universal     Biblioteca del Ateneo de Madrid Biblioteca del Ateneo de Madrid Depósito 2 20/05/2025   L-197   20/05/2025 20/05/2025 Libro impreso
    Clasificación decimal universal     Biblioteca del Ateneo de Madrid Biblioteca del Ateneo de Madrid Depósito 2 20/05/2025   L-198   20/05/2025 20/05/2025 Libro impreso
    Clasificación decimal universal     Biblioteca del Ateneo de Madrid Biblioteca del Ateneo de Madrid Depósito 2 20/05/2025   L-199   20/05/2025 20/05/2025 Libro impreso